| 000 | 01283cam a22003617a 4500 | ||
|---|---|---|---|
| 003 | CHAP | ||
| 005 | 20220329142846.0 | ||
| 008 | 040922d2003 mx r 00110 spa d | ||
| 010 | _a88834 | ||
| 011 | _a89806 | ||
| 020 | _a970-13-4243-7 | ||
| 020 | _a9703206042 | ||
| 035 | _a100357 | ||
| 040 | _cCHAP | ||
| 082 | 0 | 4 |
_a910 _bB4 |
| 100 | 0 | 0 |
_aBerdoulay, Vincent _911738 |
| 245 | 1 | 0 |
_aUnidad y diversidad del pensamiento geográfico en el mundo : _bretos y perspectivas _c/ed. por Vincent Berdoulay y Héctor Mendoza Vargas |
| 260 |
_aMéxico, D.F. : _bUniversidad Nacional Autónoma de México. Instituto de Geografía, _c2003. |
||
| 590 |
_aBATCH-UPD _b10 _c20130110 _lUCH01 _h0434 |
||
| 590 |
_aBATCH-UPD _b10 _c20130110 _lUCH01 _h2131 |
||
| 590 |
_aBATCH-UPD _b10 _c20130410 _lUCH01 _h0110 |
||
| 590 |
_aBATCH-UPD _b10 _c20130410 _lUCH01 _h1553 |
||
| 590 |
_aBATCH-UPD _b10 _c20130914 _lUCH01 _h0606 |
||
| 590 |
_aCONVERSION _b10 _c20130109 _lUCH01 _h1349 |
||
| 650 | 1 | 4 |
_aGeografía histórica _xMéxico. _947594 |
| 650 | 1 | 4 |
_aGeografía _xHistoria. _947553 |
| 650 | 1 | 4 |
_aGeógrafos. _947662 |
| 700 | 0 | 0 |
_aMendoza Vargas, Héctor. _974763 |
| 901 | _aBK | ||
| 905 | _aAlejandra Carrasco M. | ||
| 942 | _cLIBRO | ||
| 949 |
_a910 B4 _bBC _cLIBRO _d33724000796900 _eLIBRO _h104635 _i100357 _sb |
||
| 999 |
_c88834 _d88834 |
||